000 00297nas a2200121 4500
005 20211102151922.0
008 211102b ||||| |||| 00| 0 eng d
022 _a0970-471X
040 _c
245 _aHealth action
260 _aThe catholic association of India
_bOct 2020
942 _2ddc
_cPR
999 _c220349
_d220349